000 00216nam a2200109Ia 4500
100 _a#N/A
942 _cBK
654 _aoracle 8.0
245 _aOracle 8.0 Compact Disc Recorder
260 _b#N/A
546 _aENGLISH
999 _c32299
_d32299